जब ज्योति जगी: (Record no. 28031)

MARC details
000 -LEADER
fixed length control field 01412nam a22002777a 4500
005 - DATE AND TIME OF LATEST TRANSACTION
control field 2009070204184.0
008 - FIXED-LENGTH DATA ELEMENTS--GENERAL INFORMATION
fixed length control field 090613t xxu||||| |||| 00| 0ahin d
010 ## - LCCN (DPL NO)
LC control number HIN-87164
020 ## - INTERNATIONAL STANDARD BOOK NUMBER
Terms of availability 175.00
International Standard Book Number 8174990305
035 ## - SYSTEM CONTROL NUMBER
System control number HN-59510
037 ## - SOURCE OF ACQUISITION
Source of stock number/acquisition DBAD / PUB
040 ## - CATALOGING SOURCE
Original cataloging agency dpl
Language of cataloging hn
082 ## - DEWEY DECIMAL CLASSIFICATION NUMBER
Classification number 954.084092
100 ## - MAIN ENTRY--PERSONAL NAME
Personal name सुखदेवराज
245 ## - TITLE STATEMENT
Title जब ज्योति जगी:
Statement of responsibility, etc सुखदेवराज
Remainder of title (एक क्रांतिकारी की आत्मकथा) /
246 ## - VARYING FORM OF TITLE
Title proper/short title Jaba jyoti jagii
Remainder of title by Sukhdevraj
260 ## - PUBLICATION, DISTRIBUTION, ETC. (IMPRINT)
Place of publication, distribution, etc नागपुर
Name of publisher, distributor, etc विश्वभारती प्रकाशन
Date of publication, distribution, etc 2008
270 ## - ADDRESS
Address धनवटे चेंबर्स, सीताबर्ड़ी
City नागपुर
Postal code 440012
Telephone number 0712-2526442
300 ## - PHYSICAL DESCRIPTION
Extent 176प.
Dimensions 22सेमी (सजिल्द)
600 ## - SUBJECT ADDED ENTRY--PERSONAL NAME
Personal name सुखदेवराज
General subdivision जीवनी
600 ## - SUBJECT ADDED ENTRY--PERSONAL NAME
Personal name Sukhdevraj
General subdivision Biography
651 ## - SUBJECT ADDED ENTRY--GEOGRAPHIC NAME
Geographic name भारत
General subdivision इतिहास
-- स्वायत्ता और स्वाधीनता संघर्ष
651 ## - SUBJECT ADDED ENTRY--GEOGRAPHIC NAME
Geographic name India
General subdivision History
-- Autonomy and independece movement
942 ## - ADDED ENTRY ELEMENTS (KOHA)
Source of classification or shelving scheme Dewey Decimal Classification
Item type Hindi Books
Call number suffix सुखदे
Classification part 954.084092
Holdings
Withdrawn status Lost status Source of classification or shelving scheme Damaged status Not for loan Home library Current library Date acquired Source of acquisition Cost, normal purchase price Total Checkouts Full call number Barcode Date last seen Copy number Cost, replacement price Koha item type
    Dewey Decimal Classification   Not For Loan D.B.Act.Division D.B.Act.Division 02/07/2009 DBAD /PUB 175.00   954.084092 सुखदे HN-59510 02/07/2009 1 175.00 Hindi Books

© Delhi Public Library
Hit Counter
free hit counter